Primary EU law and private law concepts
-д хадгалсан:
| Үндсэн зохиолчид: | , |
|---|---|
| Формат: | Ном |
| Хэл сонгох: | англи |
| Хэвлэсэн: |
Cambridge
Intersentia Ltd
2017
|
| Нөхцлүүд: | |
| Шошгууд: |
Шошго нэмэх
Шошго байхгүй, Энэхүү баримтыг шошголох эхний хүн болох!
|
MARC
| LEADER | 00000cam a2200000 a 4500 | ||
|---|---|---|---|
| 001 | UCC9027 | ||
| 003 | CL-VaPUC | ||
| 008 | 190904e20170000uk |||||||||||||||||eng|d | ||
| 020 | |a 9781780684529 | ||
| 082 | 0 | 4 | |a 346.24 |b MIC |2 21 |
| 100 | 0 | |a Micklitz, Hans-W |e author |9 603787 | |
| 700 | 0 | |a Sieburgh, Carla |e author |9 603788 | |
| 245 | 1 | 0 | |a Primary EU law and private law concepts |
| 300 | |a 275 p | ||
| 942 | |c BK | ||
| 945 | |d 20190904 15:40:00 |a cmena | ||
| 260 | |a Cambridge |b Intersentia Ltd |c 2017 | ||
| 650 | 0 | |a Corte de justicia europea |9 256407 | |
| 650 | 7 | |a DERECHO CIVIL EUROPEO |2 CL-VaPUC |9 485375 | |
| 650 | 7 | |a PAISES DE LA UNION EUROPEA |2 CL-VaPUC |9 553442 | |
| 650 | 0 | |a Derecho constitucional |9 222588 | |
| 583 | |a last modification |c 20190904 15:40:00 |k Rodrigo Vera | ||
| 999 | |c 375222 |d 375220 | ||
| 952 | |0 0 |1 0 |3 erb |4 0 |6 346_240000000000000_MIC_2017 |7 0 |8 WP_COW |9 561167 |a BIBDER |b BIBDER |e Fundación W and P Cowley |i 5597773 |o 346.24 MIC 2017 |p 5597773 |r 2023-01-25 |w 2020-03-12 |y BK |z Catalogado en:20190904 |k WPC | ||